| 000 | 01747cam a22005054a 4500 | ||
|---|---|---|---|
| 001 | 8363424 | ||
| 003 | OSt | ||
| 005 | 20150408114046.0 | ||
| 006 | m d | ||
| 007 | cr n | ||
| 008 | 120623s2010 gw a |sb 001 0 eng d | ||
| 015 |
_aGBA972571 _2bnb |
||
| 016 | 7 |
_a101522150 _2DNLM |
|
| 016 | 7 |
_a015332747 _2Uk |
|
| 020 | _a9783540784494 | ||
| 020 | _a | ||
| 020 | _a | ||
| 020 | _a | ||
| 035 | _a(WaSeSS)ssj0000399726 | ||
| 040 |
_aNLM _cMU _dUKM _dOHX _dYDXCP _dPAU _dBTCTA _dVRC _dDLC _dWaSeSS |
||
| 042 | _apcc | ||
| 050 | 4 |
_a _b |
|
| 060 | 0 | 0 | _a |
| 060 | 1 | 0 |
_a _b |
| 082 |
_222 _a618.1907572 _bD I M |
||
| 210 | 1 | 0 | _aDigital mammography |
| 245 | 0 | 0 |
_aDigital mammography _h[electronic resource] / _cU. Bick, F. Diekmann (eds.) ; with contributions by C. Balleyguier ... [et al.] ; foreword by A.L. Baert. |
| 260 |
_aHeidelberg : _bSpringer, _c2010. |
||
| 300 |
_axiii, 216 p.: _bill. ; _c28 cm. |
||
| 490 | 1 |
_aMedical radiology. Diagnostic imaging, _x0942-5373 |
|
| 504 | _aIncludes bibliographical references and index. | ||
| 506 | _aLicense restrictions may limit access. | ||
| 650 | 4 |
_aBreast _xRadiography. |
|
| 650 | 4 |
_aRadiography, Medical _xDigital techniques. _916201 |
|
| 650 | 4 |
_aBreast _xCancer _xDiagnosis. _911075 |
|
| 650 | 4 | _aMammography. | |
| 650 | 4 |
_aSignal Processing, Computer-Assisted. _916202 |
|
| 700 | 1 |
_aBick, U. _q(Ulrich) _916203 |
|
| 700 | 1 |
_aDiekmann, F. _q(Felix) _916204 |
|
| 773 | 0 | _tSpringerLink ebooks - Medicine (2010) | |
| 830 | 0 |
_aMedical radiology, _915960 |
|
| 856 | 4 | 0 |
_uhttp://www.columbia.edu/cgi-bin/cul/resolve?clio8363424 _zFull text available from SpringerLink ebooks - Medicine (2010) |
| 910 | _aLibrary of Congress record | ||
| 942 |
_2ddc _cDVD |
||
| 999 |
_c24242 _d258742 |
||